Complexes and First-Row Transition Elements (Record no. 24770)
[ view plain ]
| 000 -LEADER | |
|---|---|
| fixed length control field | 00317nam a22000977a 4500 |
| 008 - FIXED-LENGTH DATA ELEMENTS--GENERAL INFORMATION | |
| fixed length control field | 150401b xxu||||| |||| 00| 0 eng d |
| 020 ## - INTERNATIONAL STANDARD BOOK NUMBER | |
| International Standard Book Number | 0333170881 |
| Terms of availability | Available |
| 082 ## - DEWEY DECIMAL CLASSIFICATION NUMBER | |
| Classification number | 541.33NIC |
| Author Mark | 002849 |
| 245 ## - TITLE STATEMENT | |
| Title | Complexes and First-Row Transition Elements |
| Statement of responsibility, etc. | Nicholls David |
| Medium | English |
| 260 ## - PUBLICATION, DISTRIBUTION, ETC. | |
| Place of publication, distribution, etc. | London |
| Name of publisher, distributor, etc. | Macmillan Education LTD |
| Date of publication, distribution, etc. | 1974 |
| Withdrawn status | Lost status | Source of classification or shelving scheme | Damaged status | Not for loan | Permanent Location | Current Location | Shelving location | Date acquired | Total Checkouts | Full call number | Barcode | Date last seen | Date last checked out | Price effective from | Koha item type |
|---|---|---|---|---|---|---|---|---|---|---|---|---|---|---|---|
| School of Interdisciplinary Engineering and Sciences (SINES) | School of Interdisciplinary Engineering and Sciences (SINES) | 04/01/2015 | 2 | 541.33NIC | RCMS002849 | 08/09/2016 | 10/20/2015 | 04/01/2015 | Book |
